Central Library OPAC University of Rajshahi

কায়েদে আজম : (Record no. 48805)

MARC details
000 -LEADER
fixed length control field 00822nam a22002417a 4500
001 - CONTROL NUMBER
control field 48805
003 - CONTROL NUMBER IDENTIFIER
rucl marc code BD-RjUL
005 - DATE AND TIME OF LATEST TRANSACTION
control field 20211209054604.0
008 - FIXED-LENGTH DATA ELEMENTS--GENERAL INFORMATION
fixed length control field 160816s1966 bg ||||| |||| 00| 0 ben d
020 ## - INTERNATIONAL STANDARD BOOK NUMBER
Terms of availability : Tk.250.00
035 ## - SYSTEM CONTROL NUMBER
System control number (BD-RjUL)48924
040 ## - CATALOGING SOURCE
Original cataloging agency BD-RjUL
Language of cataloging ben
Transcribing agency BD-RjUL
Modifying agency BD-RjUL
041 ## - LANGUAGE CODE
Language code of text/sound track or separate title ben
082 ## - DEWEY DECIMAL CLASSIFICATION NUMBER
Edition number 23
Classification number 891.442
Author mark and year FAQ 1966
100 ## - MAIN ENTRY--PERSONAL NAME
Personal name ফজল, আবুল
9 (RLIN) 147157
245 10 - TITLE STATEMENT
Title কায়েদে আজম :
Remainder of title পঞ্চাঙ্ক নাটক /
Statement of responsibility, etc. আবুল ফজল
250 ## - EDITION STATEMENT
Edition statement ৫ ম সং.
260 ## - PUBLICATION, DISTRIBUTION, ETC. (IMPRINT)
Place of publication, distribution, etc. চট্রগ্রাম :
Name of publisher, distributor, etc. শাহীন বুক ক্লাব,
Date of publication, distribution, etc. ১৯৬৬
300 ## - PHYSICAL DESCRIPTION
Pagination ১৫১ পৃ. ;
Size ২১ সেমি.
650 ## - SUBJECT ADDED ENTRY--TOPICAL TERM
Topical term or geographic name as entry element সাহিত্য
Form subdivision নাটক
9 (RLIN) 147102
Topical term or geographic name as entry element Literature
Form subdivision Drama
9 (RLIN) 147103
942 ## - ADDED ENTRY ELEMENTS (KOHA)
Source of classification or shelving scheme Dewey Decimal Classification
Koha item type Books
Holdings
Lost status Source of classification or shelving scheme Damaged status Not for loan Collection code Permanent Location Current Location Shelving location Date acquired Source of acquisition Cost, normal purchase price Total Checkouts Full call number Date last seen Copy number Koha item type Date checked out
  Dewey Decimal Classification     Non-fiction Central Library, University of Rajshahi Central Library, University of Rajshahi   15/02/1963 Dhaka, Naurge 2.50   B 891.442 FAQ 1966 16/08/2016 C-2 Books  
  Dewey Decimal Classification     Non-fiction Central Library, University of Rajshahi Central Library, University of Rajshahi   15/02/1963 Dhaka, Naurge 2.50   B 891.442 FAQ 1966 16/08/2016 C-3 Books  
  Dewey Decimal Classification     Non-fiction Central Library, University of Rajshahi Central Library, University of Rajshahi   15/02/1963 Dhaka, Naurge 2.50   B 891.442 FAQ 1966 16/08/2016 C-4 Books  
  Dewey Decimal Classification     Non-fiction Central Library, University of Rajshahi Central Library, University of Rajshahi   15/02/1963 Dhaka, Naurge 2.50   B 891.442 FAQ 1966 16/08/2016 C-6 Books  
  Dewey Decimal Classification     Non-fiction Central Library, University of Rajshahi Central Library, University of Rajshahi   15/02/1967 Nowrge, Dacca 2.50   B 891.442 FAQ 1966 17/08/2016 C-5 Books  
  Dewey Decimal Classification     Non-fiction Central Library, University of Rajshahi Central Library, University of Rajshahi   24/06/1970 Pak. Book Centre 2.50   B 891.442 FAQ 1966 17/08/2016 C-7 Books  
  Dewey Decimal Classification     Non-fiction Central Library, University of Rajshahi Central Library, University of Rajshahi   24/06/1970 Pak. Book Centre 2.50 1 B 891.442 FAQ 1966 04/02/2020 C-8 Books 03/02/2020